000 00871nam a2200181Ia 4500
008 151202s9999||||xx |||||||||||||| ||und||
082 _bPNVM-67015
100 _aठाकूर अशोक नारायण.
245 _aआल्फ्रेड नोबेल आणि नोबेल पारितोषिक विजेते.
260 _b"गंार्ववेद प्रकाशन,पुणे."
260 _c2009
300 _a334
600 _aठाकूर अशोक नारायण.
630 _aआल्फ्रेड नोबेल आणि नोबेल पारितोषिक विजेते.
700 _aठाकूर अशोक नारायण.
730 _aआल्फ्रेड नोबेल आणि नोबेल पारितोषिक विजेते.
942 _cBOOK
999 _c1333547
_d1333544